| 000 | 00000nam##2200000za#4500 |
| 001 | 9.687314 |
| 003 | CaOODSP |
| 005 | 20210624230925 |
| 007 | cr ||||||||||| |
| 008 | 150407|2004||||xxc|||||o f|0| 0 eng|d |
| 020 | |a0-662-39344-9 |
| 040 | |aCaOODSP|beng |
| 043 | |an-cn--- |
| 086 | 1 |aSD31-1/2003E-PDF |
| 110 | 1 |aCanada. |bSocial Development Canada. |
| 245 | 10|a2003 annual Systems Under Development (SUD) audit report for CSLGS and ISP-ITR : |h[electronic resource]|bfinal audit report / |
| 260 | |aOttawa - Ontario : |bSocial Development Canada |cMarch 2004. |
| 300 | |a11p.|bfig. |
| 590 | |a13-16-Supp|b2013-07-12 |
| 775 | 08|tRapport de vérification annuel des systèmes en développement des SCPE et des RTI-PSR - 2003 : |w(CaOODSP)9.631768 |
| 856 | 40|ahttp://publications.gc.ca|qPDF|s481 KB|uhttps://publications.gc.ca/collections/collection_2013/rhdcc-hrsdc/SD31-1-2003-eng.pdf |
| 986 | |aSDC-A-001-03-04E |